Masaje: técnicas sencillas de relajación para aliviar el estrés (Registro nro. 581)

Detalles MARC
000 -Cabecera
Campo de control de longitud fija 00679aam a2200265 4500
005 - Fecha y hora de la última transacción
Campo de control 20250723165831.0
008 - Elementos de longitud fija--Información general
Campo de control de longitud fija 150818b2002 xxu||||| |||| 00| 0 spa d
020 ## - International Standard Book Number
Número Internacional Estándar del Libro (ISBN) 8434217694
041 ## - Idioma
Código de idioma Español
082 ## - Clasificación Decimal Dewey
Número de clasificación 615.82 E92m5
100 ## - Entrada principal--Autor personal
Nombre personal Evans, Mark
9 (RLIN) 18682
245 ## - Título propiamente dicho
Título Masaje: técnicas sencillas de relajación para aliviar el estrés
250 ## - Edición
Mención de edición 5 edición
260 ## - Pie de imprenta
Lugar de publicación, distribución, etc. España
260 ## - Pie de imprenta
Nombre del editor, distribuidor, etc. Parramon
260 ## - Pie de imprenta
Fecha de publicación, distribución, etc. 2002
300 ## - Descripción física
Extensión 64 páginas
300 ## - Descripción física
Otras características físicas Fotografías a color
490 ## - Serie
Título de la Serie Temática General
650 ## - Materia general
Temática (materia general) MASAJE TERAPÉUTICO
650 ## - Materia general
Temática (materia general) TÉCNICAS DE RELAJACIÓN
650 ## - Materia general
Temática (materia general) ESTRÉS
650 ## - Materia general
Temática (materia general) AUTOMASAJE
942 ## - Punto de acceso adicional KOHA
Tipo de ítem KOHA Libro
Fuente del sistema de clasificación o colocación Dewey Decimal Classification
Existencias
Signatura completa Código de barras Programa Académico Tipo de ítem
615.82 E92m 2482 Temática General Libro